| 000 | 00665nam a2200217Ia 4500 | ||
|---|---|---|---|
| 005 | 20250508162302.0 | ||
| 008 | 008 250505s9999 xx 000 0 eng d | ||
| 020 | _a3-88333-001-9 | ||
| 037 | _aTextual | ||
| 040 |
_aFEDL _beng _cFEDL |
||
| 041 |
_aeng _2eng |
||
| 084 |
_a158.12, ORM _qFEDL |
||
| 100 |
_aOrme- Johnson David W. Ed. _9772745 |
||
| 245 | 0 | _aScientific research on the transcendental meditation program collected papers. Vol 1 | |
| 260 | _c1977 | ||
| 300 | _a727p. | ||
| 650 | _aApplied Psychology | ||
| 700 |
_a Farrow John T. Ed. Domash Lawrence H. Ed. _9772746 |
||
| 942 |
_cTEXL _h158.12, ORM |
||
| 999 |
_c1375589 _d1375589 |
||